00497nam a2200193Ia 4500003000900000008004100009040001300050040001300063041000800076100002200084245009500106250000900201260003300210260000900243300001100252300001000263490002200273490000800295IT-RoPAU120407s9999 xx 000 0 und d aIT-RoPAU cIT-RoPAU adeu aP. Pius Engelbert a"Geschichte des Benediktinerkollegs St. Anselm in Rom. Von den Anfagen bis zur Gegenwart." aRoma aPontificio Ateneo S. Anselmo c1988 a297 p. c24 cm aStudia Anselmiana v198